New GRE (Record no. 182824)

000 -LEADER
fixed length control field 00416nam a2200145Ia 4500
008 - FIXED-LENGTH DATA ELEMENTS--GENERAL INFORMATION
fixed length control field 220217s9999||||xx |||||||||||||| ||und||
020 ## - INTERNATIONAL STANDARD BOOK NUMBER
International Standard Book Number 9788175156418
082 ## - DEWEY DECIMAL CLASSIFICATION NUMBER
Classification number 425 GNE
100 ## - MAIN ENTRY--PERSONAL NAME
Personal name Gneen, Sharon Weiner and Wolf, Ira K.
9 (RLIN) 8133
245 #0 - TITLE STATEMENT
Title New GRE
250 ## - EDITION STATEMENT
Edition statement 19th
260 ## - PUBLICATION, DISTRIBUTION, ETC.
Place of publication, distribution, etc. Galgotia publications pvt. ltd.
Name of publisher, distributor, etc. New Delhi
Date of publication, distribution, etc. 2012
300 ## - PHYSICAL DESCRIPTION
Extent IX, 523p.
Other physical details 475
650 ## - SUBJECT ADDED ENTRY--TOPICAL TERM
Topical term or geographic name entry element ENGLISH GENERAL BOOKS
9 (RLIN) 691
Holdings
Withdrawn status Lost status Damaged status Not for loan Collection code Home library Current library Shelving location Date acquired Full call number Barcode Date last seen Price effective from Koha item type
        Humanity Science Central Library Central Library Book Cart 02/18/2022 425 GNE 18013 02/18/2022 02/18/2022 Books

Powered by Koha